Contra heterodoxos, Al-luma: o lo que deben creer los musulmanes
Na minha lista:
| Autor principal: | |
|---|---|
| Formato: | Livro |
| Idioma: | espanhol |
| Publicado em: |
Madrid
Biblioteca Nueva
2006
|
| Edição: | 1a. ed |
| Colecção: | Clásicos del Pensamiento, 38
|
| Assuntos: | |
| Tags: |
Adicionar Tag
Sem tags, seja o primeiro a adicionar uma tag!
|
MARC
| LEADER | 00000nam a2200000 a 4500 | ||
|---|---|---|---|
| 001 | UCJ0360 | ||
| 003 | CL-VaPUC | ||
| 008 | 060721e20060000SP |||||||||||||||||spa|d | ||
| 020 | |a 8497425227 | ||
| 082 | 0 | 4 | |a 297.197 |b ASA |2 21 |
| 100 | 0 | |a Asari, Abu l-Hasan al |e author |9 500506 | |
| 245 | 1 | 0 | |a Contra heterodoxos, Al-luma: o lo que deben creer los musulmanes |
| 250 | |a 1a. ed | ||
| 300 | |a 253 p | ||
| 942 | |c BK | ||
| 945 | |d 20060721 00:00:00 |a cmena | ||
| 260 | |a Madrid |b Biblioteca Nueva |c 2006 | ||
| 650 | 0 | |a Filosofía de la religión |9 256017 | |
| 650 | 0 | |a Islamismo |9 314084 | |
| 650 | 0 | |a Creencia Religiosa |9 316904 | |
| 650 | 0 | |a Musulmanes |9 332296 | |
| 583 | |a last modification |c 20130305 04:10:41 |k Rodrigo Vera | ||
| 490 | 0 | |a Clásicos del Pensamiento, 38 | |
| 999 | |c 317218 |d 317216 | ||
| 952 | |0 0 |1 0 |4 0 |6 297_197000000000000_ASA_2006 |7 0 |8 A |9 393244 |a BIBEDU |b BIBEDU |d 2019-11-22 |i 425838K |o 297.197 ASA 2006 |p 425838K |r 2019-11-22 |w 2019-11-22 |y BK |k FIL | ||